| 000 | 00644cam a22002171 4500 | ||
|---|---|---|---|
| 001 | l 42000089 | ||
| 003 | DLC | ||
| 005 | 20260227111538.0 | ||
| 008 | 820626s1941 xx a 000 0 eng | ||
| 010 | _al 42000089 | ||
| 035 | _a(OCoLC)14739513 | ||
| 040 |
_aDLC _cDNLM _dOCoLC _dDLC |
||
| 042 | _apremarc | ||
| 050 | 0 | 0 |
_aHV741 _b.A32 no. 278 |
| 060 | 0 |
_aW1 _bUN6181 no.278 1941 |
|
| 110 | 1 |
_aUnited States. _bChildren's Bureau. |
|
| 245 | 1 | 0 | _aBetter care for mother and child. |
| 260 |
_a[Washington, _bU.S. Govt. print. off., _c1941] |
||
| 300 |
_a19, [1] p. _bill. |
||
| 410 | 1 | 0 |
_aUnited States. _bChildren's Bureau. _tPublication _vno. 278 |
| 999 |
_c36379 _d36379 |
||